Хиперзвукова авиация (Запис номер 377610)
[ съкратено ]
| 000 -Лидер | |
|---|---|
| Контролно поле с фиксирана дължина | 01160nam a2200337 c 4500 |
| 003 - Код на организацията, давaща контролен номер | |
| Контролно поле | BLK |
| 005 - Дата и час на последна редакция | |
| Контролно поле | 20200729121615.0 |
| 008 - Елементи от данни с фиксирана дължина | |
| fixed length control field | 200311b bul|||||r ||||||| ||bul|| |
| 040 ## - Източник на каталожния запис | |
| Идентификатор на билиотеката - собственик на записа | BLK |
| 041 ## - Код за език | |
| Код за езика на текст/звукозапис или на отделно заглавие | Български |
| Код за езика КДБФ | Български |
| 080 ## - УДК | |
| Текстов определител УДК | Процеси и оборудване в зависимост от методите на работа,продължителността и средата |
| УДК код - определител по УДК | 629.3 |
| УДК - код + определител | 629.3 |
| 100 ## - Редна дума - Автор | |
| Автор | Радулов, Радул Петров |
| Авторска отговорност | първи автор |
| R(LIN) | 421354 |
| 139 ## - Редно поле | |
| Редна дума | Радулов, Радул Петров |
| 245 10 - Сведения за заглавието | |
| Заглавие | Хиперзвукова авиация |
| Редно поле (дума) | Радул Петров Радулов. |
| 257 ## - Страна на издаване | |
| Страна на създаване/издаване | България |
| 260 ## - Област на издателските данни | |
| Място на издаване, разпространение и проч. | София |
| Име на издателя, разпространителя и проч. | Държ. воен. изд. |
| Година на издаване | 1960 |
| 300 ## - Физическа характеристика | |
| Страници | 104 с. |
| Илюстрации и др. | с ил. |
| Размери/Мащаб | 18,5 см |
| 380 ## - Жанр | |
| Жанр | Техника |
| 490 1# - СЕРИИ (Колекции) | |
| Име на серия | Научно-популярна военна библиотека |
| 500 ## - Общи забележки | |
| Забележка | 1 500 тир. 1,55 лв. |
| 650 #0 - Допълнително описание по предмет – тема | |
| Основно описание – тема или топоним | Самолети, военни |
| 9 (RLIN) | 252409 |
| 852 ## - Местоположение | |
| Форматна сигнатура | Цб І 3620 |
| Фондова буква | Хранилище |
| 856 4# - Електронен адрес и достъп | |
| Електронен формат | pdf - файл |
| Път до файла /url/ | |
| 856 4# - Електронен адрес и достъп | |
| Електронен формат | pdf - файл |
| Път до файла /url/ | |
| 999 ## - СИСТЕМНИ КОНТРОЛНИ НОМЕРА | |
| Koha biblionumber | 377610 |
| Koha biblioitemnumber | 377610 |
| 942 ## - АРТИКУЛИ | |
| Вид на библиотечния материал | Книги |
| Скрит в OPAC | Не |
| Периодичен библиозапис | Да |
| 944 ## - СЪЗДАВАНЕ И РЕДАКЦИЯ на ЗАПИСА | |
| Създаване/Редакция | Създаване |
| Дата на регистрацията/редакция | 2020-07-29 |
| Служител, извършил регистрацията/редакцията | НР |
| Код за отписване | Код за изгубен артикул | Източник на класификационната схема | Код за повреда | Коз за рестрикции | Код за отдаване | Артикулен № | Име на библиотеката - собственик | Име на библиотеката, в която се намира в момента | Статус (Текущо местоположение) | Дата на вписване в системата | Местоположение - отдел | Цена в лева | Инвентарен номер | Систематично азбучна сигнатура | Баркод | Цена в евро | Служебен тип на артикула |
|---|---|---|---|---|---|---|---|---|---|---|---|---|---|---|---|---|---|
| Не е изгубен | Universal Decimal Classification | Не е повреден | без рестрикции | ползва се в читалня | 787205 | Регионална библиотека "Любен Каравелов" Русе | Регионална библиотека "Любен Каравелов" Русе | Хранилище | 2020-07-31 | Хранилище | 0.16 | 10240/60 | Цб І 3620 | 900000025809 | 0.08 | Книги |